00366 2200157 4500001002100000005001500021035002000036245004800056100001300104300001100117260002400128082000800152084001400160020002200174990001200196INLIS00000000000182520250507073820 a0010-05250001171 aGaya Jilbab Hijaber Untuk Sport /cNuvailia0 aNuvailia a64 hlm aJakarta :bGramedia a600 a600 NUV g a978-602-03-2231-5 a0754731